000 00980nam a2200289 a 4500
008 951121s1987||||[C 0 slo c
020 _c15 Kčs.
_q(3000 výtl.)
040 _aSNK
_bslo
_cSNK
_eAACR2
041 1 _aslo
_hswe
044 _axo
_cSK
080 _a839.7-1(081)
080 _a839.7-84
100 1 _aLundkvist, Artur
_4aut
245 1 0 _aNádhera sveta
_cArtur Lundkvist ; Milan Richter, Milan Richter, Milan Richter, Peter Ondreička, Ľubomír Krátky, Milan Richter
250 _a1., vyd.
260 _aBratislava
_bSlovenský spisovateľ
_c1987
_eMartin
_fTlačiarne SNP
300 _a168 s., 17,14 AH
_c21 cm
490 0 _aKruh milovníkov poézie
_vZv. 159.
500 _aIlustr. na front. a predsádkach. Brož. 9,80 Kčs.
700 1 _aRichter, Milan
_4com
700 1 _aRichter, Milan
_4trl
700 1 _aRichter, Milan
_4[ADC]
700 1 _aOndreička, Peter
_4bkd
700 1 _aKrátky, Ľubomír
_4bkd
700 1 _aRichter, Milan
_4oth
958 _aA
999 _c11993
_d11993